The Speed of Trust (Record no. 94352)

MARC details
000 -LEADER
fixed length control field 00573nam a2200205Ia 4500
005 - DATE AND TIME OF LATEST TRANSACTION
control field 20251122104205.0
008 - FIXED-LENGTH DATA ELEMENTS--GENERAL INFORMATION
fixed length control field 230125s9999 xx 000 0 und d
020 ## - INTERNATIONAL STANDARD BOOK NUMBER
International Standard Book Number 9781847392718
041 ## - LANGUAGE CODE
Language code of text/sound track or separate title eng
082 ## - DEWEY DECIMAL CLASSIFICATION NUMBER
Classification number 158.1
Item number COV
100 ## - MAIN ENTRY--PERSONAL NAME
Author Covey S R
245 ## - TITLE STATEMENT
Title The Speed of Trust
Remainder of title The One Thing that Changes Everything
250 ## - EDITION STATEMENT
Edition statement Ed.1st
260 ## - PUBLICATION, DISTRIBUTION, ETC.
Date of publication, distribution, etc. 2006
Name of publisher, distributor, etc. Pocket book publisher
Place of publication, distribution, etc. London
300 ## - PHYSICAL DESCRIPTION
Extent 354p
500 ## - GENERAL NOTE
Keywords Personality Development
650 ## - SUBJECT ADDED ENTRY--TOPICAL TERM
Topical term or geographic name entry element Personality Development
700 ## - ADDED ENTRY--PERSONAL NAME
Personal name Covey S R & Merrill R R
942 ## - ADDED ENTRY ELEMENTS (KOHA)
Koha item type Books
Holdings
Withdrawn status Lost status Damaged status Not for loan Home library Current library Date acquired Vendor Net Price Full call number Barcode Date last seen Actual Price Bill Date Koha item type Original Barcode Bill number Total Checkouts Date last checked out
        Smt. Hiraben Nanavati Institute of Management & Research for Women Smt. Hiraben Nanavati Institute of Management & Research for Women 15/12/2016 Donated Book- Outside Donar 1.00 158.1 COV DB2709 HIMR-DB-2709 25/01/2023 1.00 25/01/2023 Donated Book DB2709      
        Smt. Hiraben Nanavati Institute of Management & Research for Women Smt. Hiraben Nanavati Institute of Management & Research for Women 02/01/2020 Forward Books 599.00 158.1 COV B19303 HIMR-BK-19303 04/10/2023 431.28 25/01/2023 Books B19303 11159 1 27/09/2023